| 000 | 01021nam a2200229 i 4500 | ||
|---|---|---|---|
| 001 | 170749 | ||
| 003 | ES-MaACL | ||
| 005 | 20250831072601.0 | ||
| 008 | 090402s1953 sp |||| | spa d | ||
| 100 | 0 |
_aMontalbán, Francisco Javier. _9139720 |
|
| 245 | 1 | 0 |
_aHistoria de la Iglesia Católica _b: en sus cuatro grandes edades: antigua, media, nueva y moderna. _nT. IV, _pEdad moderna (1648-1951) : La iglesia en su lucha y relación con el laicismo / _cpor Francisco J.Montalbán ; revisada y completada por Bernardino Llorca, Ricardo García Villoslada. |
| 250 | _a1º ed., reimp. | ||
| 260 |
_aMadrid : _bLa Editorial Católica, _c1953. |
||
| 300 |
_aXII, 851 p. ; _c20 cm. |
||
| 490 | 1 |
_aBiblioteca de autores cristianos ; _v76 |
|
| 650 | 0 | 7 |
_aHistoria eclesiástica _2embne _913400 |
| 700 | 1 |
_aLlorca, Bernardino. _972853 |
|
| 700 | 0 |
_aGarcía-Villoslada, Ricardo. _955414 |
|
| 830 | 0 | 0 |
_aBiblioteca de autores cristianos _v76 _9178679 |
| 852 |
_aES-MaACL _jJ-74 _9R.46092 |
||
| 999 |
_c170749 _d170749 |
||